Kasparov percurso do jovem campeão (Registo nº 5145)
[ vista simples ]
| 000 -Etiqueta do registo | |
|---|---|
| Valores | 00563nam a22002171i 4500 |
| 090 ## - | |
| -- | 5145 |
| 100 ## - Dados gerais de processamento | |
| Dados gerais | 20170304u u u0frey50 ba |
| 101 0# - Língua de publicação | |
| -- | por |
| 200 1# - Titulo e menção de responsabilidade | |
| Primeira menção de responsabilidade | Luís Santos |
| Título próprio | Kasparov percurso do jovem campeão |
| 210 ## - Publicação | |
| Nome do editor | Caminho |
| Local de publicação | Lisboa |
| Data de publicação | 1984 |
| 215 ## - Descrição física | |
| Paginação / Volumes | 261, [3] p. |
| Outras indicações físicas | il. |
| Dimensões | 21 cm |
| 225 2# - Colecção | |
| Título próprio da colecção | Desporto e tempos livres |
| Indicação de volume | 5 |
| 600 ## - Nome de pessoa usado como assunto | |
| Apelido | Kasparov |
| -- | 1468 |
| 606 ## - Nome comum usado como assunto | |
| ID Autoridade | 1383 |
| Palavra de ordem | Xadrez |
| 606 ## - Nome comum usado como assunto | |
| ID Autoridade | 1384 |
| Palavra de ordem | Jogos de tabuleiro |
| 675 ## - CDU | |
| Notação | 794.1 |
| -- | 1385 |
| 700 #1 - Autor principal (pessoa individual) | |
| Apelido | Santos |
| Nome | Luís |
| -- | 070 |
| ID Autoridade | 5184 |
| 801 ## - Fonte de origem | |
| País | PT |
| Regras de catalogação | RPC |
| 990 ## - Elementos KOHA | |
| Tipo de documento | Livro |
| 994 ## - Estado da catalogação | |
| -- | COMP |
| Situação do levantamento | Estado | Biblioteca de origem | Biblioteca de empréstimo | Código de barras | Cota | Permissão de empréstimo | Tipo de documento | Nota relativa ao exemplar |
|---|---|---|---|---|---|---|---|---|
| Completo | Biblioteca Municipal de Viana Do Alentejo | Biblioteca Municipal de Viana Do Alentejo | 0007202 | 79 SAN | Disponível | Livro | Em depósito - caixa 62 vnt | |
| Completo | Biblioteca Municipal de Viana Do Alentejo | Biblioteca Municipal de Viana Do Alentejo | 0007217 | 79 SAN | Disponível | Livro | ||
| Completo | Biblioteca Municipal de Viana Do Alentejo Pólo Alcáçovas | Biblioteca Municipal de Viana Do Alentejo Pólo Alcáçovas | 0001108AL | 79 SAN | Disponível | Livro |